Đình chùa lăng miếu di sản văn hóa vật thể của người Việt tại Thành phố Hồ Chí Minh Sách chuyên khảo
TM tài liệu tham khảo tr. 251 - 256; Gồm: Thiết chế văn hóa tâm linh của người Việt trên vùng đất Sài Gòn - Thành phố Hồ Chí Minh; đặc điểm và hiện trạng đình chùa văn miếu của người Việt ở Thành phố Hồ Chí Minh; một số đình chùa, văn...
Guardat en:
| Autor principal: | |
|---|---|
| Altres autors: | |
| Format: | Llibre |
| Idioma: | Undetermined |
| Publicat: |
H.
Tổng hợp Thành phố Hồ Chí Minh
2014
|
| Matèries: |
Kiến trúc
> Đình chùa
> Lăng miếu
> Thành phố Hồ Chí Minh (Việt Nam); Đình chùa
> Di sản văn hóa vật thể
> Thành phố Hồ Chí Minh (Việt Nam); Văn hóa
> Đình chùa
> Lăng miếu
> Thành phố Hồ Chí Minh (Việt Nam); Lăng miếu
> Di sản văn hóa vật thể
> Thành phố Hồ Chí Minh (Việt Nam)
|
| Accés en línia: | http://lrc.tdmu.edu.vn/opac/search/detail.asp?aID=2&ID=20559 |
| Etiquetes: |
Afegir etiqueta
Sense etiquetes, Sigues el primer a etiquetar aquest registre!
|
| Thư viện lưu trữ: | Trung tâm Học liệu Trường Đại học Thủ Dầu Một |
|---|
| LEADER | 01903nam a2200229Ia 4500 | ||
|---|---|---|---|
| 001 | TDMU_20559 | ||
| 008 | 210410s9999 xx 000 0 und d | ||
| 082 | |a 726.0959779 | ||
| 090 | |b H450 | ||
| 100 | |a Hồ, Sơn Diệp | ||
| 245 | 0 | |a Đình chùa lăng miếu di sản văn hóa vật thể của người Việt tại Thành phố Hồ Chí Minh | |
| 245 | 0 | |b Sách chuyên khảo | |
| 245 | 0 | |c Hồ Sơn Diệp, Nguyễn Văn Hiệp (ch.b) | |
| 260 | |a H. | ||
| 260 | |b Tổng hợp Thành phố Hồ Chí Minh | ||
| 260 | |c 2014 | ||
| 300 | |a 319 tr. | ||
| 520 | |a TM tài liệu tham khảo tr. 251 - 256; Gồm: Thiết chế văn hóa tâm linh của người Việt trên vùng đất Sài Gòn - Thành phố Hồ Chí Minh; đặc điểm và hiện trạng đình chùa văn miếu của người Việt ở Thành phố Hồ Chí Minh; một số đình chùa, văn miếu tiêu biểu của người Việt tại Thành phố Hồ Chí Minh; bảo tồn và phát huy giá trị văn hóa vật thể của đình chùa lăng miếu ở thành phố Hồ Chí Minh trong thời kỳ đô thị hóa - hiện đại hóa. | ||
| 650 | |a Kiến trúc |x Đình chùa |x Lăng miếu |z Thành phố Hồ Chí Minh (Việt Nam); Đình chùa |x Di sản văn hóa vật thể |z Thành phố Hồ Chí Minh (Việt Nam); Văn hóa |x Đình chùa |x Lăng miếu |z Thành phố Hồ Chí Minh (Việt Nam); Lăng miếu |x Di sản văn hóa vật thể |z Thành phố Hồ Chí Minh (Việt Nam) | ||
| 700 | |a Nguyễn, Văn Hiệp | ||
| 856 | |u http://lrc.tdmu.edu.vn/opac/search/detail.asp?aID=2&ID=20559 | ||
| 980 | |a Trung tâm Học liệu Trường Đại học Thủ Dầu Một | ||